| 000 | 00877nam a2200253Ia 4500 | ||
|---|---|---|---|
| 003 | OSt | ||
| 005 | 20221005111720.0 | ||
| 006 | a|||||r|||| 00| 0 | ||
| 007 | ta | ||
| 008 | 221004b |||||||| |||| 00| 0 hin d | ||
| 024 | _a32884 | ||
| 037 | _cTextual | ||
| 040 |
_aCRL _cCRL _bhin |
||
| 041 |
_2hin _ahin |
||
| 082 | _aO15:gx7,1, 152L2 | ||
| 100 | _aद्विवेदी, रेवाप्रसाद | ||
| 245 | 0 | _aआनन्दवर्धन | |
| 246 | _aĀnandavardhana | ||
| 260 |
_aभोपाल _bमध्यप्रदेश हिन्दी ग्रंथ अकादमी भारत _c1972 |
||
| 300 |
_a576पृ. _ccm. |
||
| 650 | _aसंस्कृत साहित्य | ||
| 942 |
_hO15:gx7,1, 152L2 _cTEXL _2cc |
||
| 999 |
_c1022680 _d1022680 |
||